| 000 | 00634nam a22002177a 4500 | ||
|---|---|---|---|
| 005 | 20170124105937.0 | ||
| 010 | _aA-947185 | ||
| 020 |
_c00.00 _a81869882043 |
||
| 035 | _aA-947185 | ||
| 037 | _bCen Lib/Ret | ||
| 040 |
_aDPL _bEN |
||
| 082 |
_a230.31 _bBED |
||
| 100 |
_aBedi, Anjula _910172 |
||
| 245 |
_aGods & goddesses of India / _cby Anjula Bedi |
||
| 260 |
_aMumbai _bEeshwar _c1998 |
||
| 270 |
_a229/A, Second Floor Krantiveer Rajguru Marg Girgaon _bMumbai |
||
| 300 |
_a109p. : _c21cm(Hb) _bill. |
||
| 650 |
_aHindu religion _991226 |
||
| 650 |
_aWorship - God _910174 |
||
| 942 |
_2ddc _cEN _h230.31 _mBED |
||
| 999 |
_c124283 _d124283 |
||